LEADER 00668naa a2200145 i 4500 001 000000330299 003 CaOOAMICUS 005 20180831173636.0 008 180831n it u000 u ita u 013 $a42058 040 $aSeMil$bita 245 10$aDialogo e interpretazione nell'esperienza giuridica. 650 4$aDiritto - Interpretazione.$0(OLS)http://semarc/subject/3237 773 0 $aColloquio sulla Interpretazione <4. , 1982 ; Macerata>$tInterpretazione e dialogo.$dGenova : Marietti, 1983.$kPubblicazioni della Facoltà di lettere e filosofia$z88-211-8599-0$gp.21-45$w()167152 996 $6245$aDialogo e interpretazione nell'esperienza giuridica$9(OLS)http://semarc/title/418754 LEADER 00900nam a2200217 i 4500 001 000000197413 003 CaOOAMICUS 005 20110211000000.0 008 110211s1862 it u000 u ita u 013 $a176100 040 $aSeMil$bita 100 1 $aCasoni, Giambattista <1830-1919>.$0(OLS)http://semarc/name/53213 245 10$aRoma e Parigi :$bimpressioni e memorie /$cdell'avvocato Giambattista Casoni. 250 $a3. ed. con nuove aggiunte dell'autore. 260 $aBologna :$bDirez. delle Picc. Letture cattoliche,$c1862. 300 $a158 p. ;$c8°. 773 0 $t[Miscellanea.$w()24276 850 $aSeMil 852 $aSeMil$W1$xVenegono$y1$m5A I 19/4 FA$j147972$B147972$CSeMilBibl$Z2$F159417 $8I 996 $6245$aRoma e Parigi :$bimpressioni e memorie$9(OLS)http://semarc/title/285042 996 $6260$aBologna :$bDirez. delle Picc. Letture cattoliche$9(OLS)http://semarc/publisher/50985